000 00579nam a22001937a 4500
005 20251108172341.0
008 250721s1992 xx 000 0 ara d
082 1 4 _a916.22/محم
100 1 _aالسعداوي، محمدة حمزة
245 1 0 _aالقاهرة /
264 1 _aبيروت :
_bدار الكتاب اللبناني،
_c1992.
300 _a15ص
490 0 _aرحلات عصفور و عصفورة في كل بلاد الدنيا ؛1
650 1 7 _aالرحلات
650 1 7 _aالوصف
650 1 7 _aالقاهرة
942 _2ddc
_cBK
999 _c76938
_d76938